| 000 | 00740nam a2200217Ia 4500 | ||
|---|---|---|---|
| 003 | OSt | ||
| 005 | 20210603095404.0 | ||
| 008 | 210310s1961 eu gr 001 0 eng d | ||
| 040 |
_aCO-JMCR _cCO-JMCR |
||
| 041 | 0 | _aeng | |
| 082 | 0 | 4 |
_a336 / _bR755p _223 |
| 100 | 1 |
_aRolph, Earl R., _915714 _eautor |
|
| 245 | 1 | 0 |
_aPublic Finance / _cEarl R. Rolph, George F. Break |
| 260 |
_aNew York : _bThe Ronald Press Company, _c1961 |
||
| 300 |
_aviii, 586 páginas ; _c23 cm. |
||
| 500 | _aIncluye índice alfabético | ||
| 505 | 0 | _aThe fiscal setting -- Taxation -- Special problems in government finance -- Fiscal theory and fiscal policy | |
| 650 | 1 | 4 |
_aFinanzas públicas _915716 |
| 700 | 1 |
_aBreak. George F., _eautor _923387 |
|
| 942 |
_2ddc _cBK |
||
| 999 |
_c7882 _d7882 |
||